Yoga Education for Children and Youths/ (Record no. 215680)

MARC details
000 -LEADER
fixed length control field 00777nam a22002297a 4500
005 - DATE AND TIME OF LATEST TRANSACTION
control field 20260320114454.0
010 ## - LCCN (DPL NO)
LC control number ENG-148066
020 ## - INTERNATIONAL STANDARD BOOK NUMBER
International Standard Book Number 9789394604995
Terms of availability 3200.00(Set of 4 Vol)
035 ## - SYSTEM CONTROL NUMBER
System control number EN-131598
037 ## - SOURCE OF ACQUISITION
Source of stock number/acquisition DBAD
082 ## - DEWEY DECIMAL CLASSIFICATION NUMBER
Classification number 613.7046
Edition number 1
100 ## - MAIN ENTRY--PERSONAL NAME
Personal name Saraswati, Satyananda
245 ## - TITLE STATEMENT
Title Yoga Education for Children and Youths/
Statement of responsibility, etc Satyananda Saraswati; Niranjanananda Saraswati [and] Rishi Arundhati
250 ## - EDITION STATEMENT
Edition statement 1
260 ## - PUBLICATION, DISTRIBUTION, ETC. (IMPRINT)
Place of publication, distribution, etc Bihar
Name of publisher, distributor, etc Yoga publication trust ganga darshan
Date of publication, distribution, etc 2024
270 ## - ADDRESS
Address Yoga publication trust, ganga darshan
City Munger
300 ## - PHYSICAL DESCRIPTION
Extent 518p.
Dimensions 22cm(pb)
490 ## - SERIES STATEMENT
Volume number/sequential designation 4
700 ## - ADDED ENTRY--PERSONAL NAME
Personal name Saraswati, Niranjanananda
Relator term Author
9 (RLIN) 88671
700 ## - ADDED ENTRY--PERSONAL NAME
Personal name Arundhati, Rishi
Relator term Author
9 (RLIN) 88672
942 ## - ADDED ENTRY ELEMENTS (KOHA)
Source of classification or shelving scheme Dewey Decimal Classification
Item type English Books
Classification part 613.7046
Call number suffix SAR
Edition 1
Holdings
Withdrawn status Lost status Materials specified (bound volume or other part) Not for loan Collection code Home library Current library Date acquired Source of acquisition Cost, normal purchase price Full call number Barcode Copy number Cost, replacement price Koha item type
    Vol 4 Not For Loan Non-fiction D.B.Act.Division D.B.Act.Division 20/03/2026 Delivery of Books Act Division 800.00 613.7046 SAR EN-131598 1 800.00 English Books

© Delhi Public Library
Hit Counter
free hit counter